| 000 | 00707nam a2200217Ia 4500 | ||
|---|---|---|---|
| 001 | 18169 | ||
| 003 | GE_BSU | ||
| 008 | 181216s||||||||xx |||||||||||||| ||und|| | ||
| 040 | _cGE_BSU | ||
| 080 | _a821.353.1-92 | ||
| 100 | _aწიბახაშვილი, გიორგი | ||
| 245 | _aენა შემკული და... ხელყოფილი | ||
| 245 | _cრედ.: გიორგი გოგოლაშვილი | ||
| 260 | _aთბილისი | ||
| 260 | _c2002 | ||
| 300 | _a124გვ. ; 19სმ | ||
| 541 | _h2 ლ. | ||
| 653 | _aენა შემკული და... ხელყოფილი | ||
| 653 | _aქართული ენა | ||
| 942 | _cBK | ||
| 999 |
_c51210 _d51210 |
||